书目信息 |
| 题名: |
耐磨合金开发及磨损性能评价
|
|
| 作者: | 新巴雅尔 著 | |
| 分册: | ||
| 出版信息: | 赤峰 内蒙古科学技术出版社 2020.2 |
|
| 页数: | 184页 | |
| 开本: | 29cm | |
| 丛书名: | ||
| 单 册: | ||
| 中图分类: | TG135 | |
| 科图分类: | ||
| 主题词: | 耐磨合金--研究 | |
| 电子资源: | ||
| ISBN: | 978-7-5380-2860-7 | |
| 000 | 01282nam0 2200277 45 | |
| 001 | 012001002297 | |
| 005 | 20140913162408.0 | |
| 010 | @a978-7-5380-2860-7@dCNY58.00 | |
| 100 | @a20180118d2017 em y0chiy50 ea | |
| 101 | 0 | @achi@aeng |
| 102 | @aCN@b150000 | |
| 105 | @aa z 000yy | |
| 106 | @ar | |
| 200 | 1 | @a耐磨合金开发及磨损性能评价@Anai mo he jin kai fa ji mo sun xing neng ping jia@f新巴雅尔著 |
| 210 | @a赤峰@c内蒙古科学技术出版社@d2020.2 | |
| 215 | @a184页@c图,照片@d29cm | |
| 300 | @a并列题名:Development and wear performance acessment of wear resistant alloys | |
| 312 | @a封面英文题名:Development and wear performance acessment [i. e. assessment] of wear resistant alloys | |
| 330 | @a本书简要介绍了著者十几年来从事耐磨材料的开发,材料与结构的磨损行为与磨损检测、评估、材料的使用寿命预测等方面研究取得的成果。全书共分为8章,主要内容包括:冲蚀磨损;一般铸铁的冲蚀磨损特性;各种球状碳化物铸铁的冲蚀磨损特性评价等。 | |
| 510 | 1 | @aDevelopment and wear performance acessment of wear resistant alloys@zeng |
| 510 | 1 | @aDevelopment and wear performance assessment of wear resistant alloys@zeng |
| 606 | 0 | @a耐磨合金@x研究 |
| 690 | @aTG135@v5 | |
| 701 | 0 | @a新巴雅尔@Axin ba ya er@4著 |
| 801 | 0 | @aCN@bBJSDL@c20211011 |
| 905 | @b1339179-82@dTG135@e98@f4 | |
| 耐磨合金开发及磨损性能评价/新巴雅尔著.-赤峰:内蒙古科学技术出版社,2020.2 |
| 184页:图,照片;29cm |
| 并列题名:Development and wear performance acessment of wear resistant alloys |
| ISBN 978-7-5380-2860-7:CNY58.00 |
| 本书简要介绍了著者十几年来从事耐磨材料的开发,材料与结构的磨损行为与磨损检测、评估、材料的使用寿命预测等方面研究取得的成果。全书共分为8章,主要内容包括:冲蚀磨损;一般铸铁的冲蚀磨损特性;各种球状碳化物铸铁的冲蚀磨损特性评价等。 |
| ● |
| 相关链接 |
|
|
|
|
正题名:耐磨合金开发及磨损性能评价
索取号:TG135/98
 
预约/预借
| 序号 | 登录号 | 条形码 | 馆藏地/架位号 | 状态 | 备注 |
| 1 | 1339179 | 213391792 | 第二样本阅览室/ [索取号:TG135/98] | 在馆 | |
| 2 | 1339180 | 213391809 | 第三借阅区/ [索取号:TG135/98] | 在馆 | |
| 3 | 1339181 | 213391818 | 第三借阅区/ [索取号:TG135/98] | 在馆 | |
| 4 | 1339182 | 213391827 | 第三借阅区/ [索取号:TG135/98] | 在馆 |